| 000 | 00967nam a22002417a 4500 | ||
|---|---|---|---|
| 005 | 20240321111937.0 | ||
| 008 | 110317t xxu||||| |||| 00| 0 eng d | ||
| 010 | _aB-756558-561 ENG-139850 | ||
| 020 |
_a9789354616792 _c295.00 |
||
| 035 | _aB-756558-561 | ||
| 035 | _aEN-123382 | ||
| 037 | _bAstral | ||
| 082 | _a664 | ||
| 100 | 1 |
_926630 _aGrover, Rinku |
|
| 245 | 1 | 0 |
_aFundamentals of Processing and Food Engineering/ _cBy Rinku Grover and Raveena Kargwal |
| 260 |
_aNew Delhi _bAstral International Pvt Ltd _c2022 |
||
| 270 |
_a4736/23, Ansari Road, Darya Ganj, _bNew Delhi _e110002 |
||
| 300 |
_avii, 235p. _c23cm (pbk) |
||
| 500 | _aIncludes index | ||
| 700 |
_aKargwal, Raveena _959561 |
||
| 942 |
_2ddc _cEN _mGRO _h664 |
||
| 999 |
_c199496 _d199496 |
||